Statistics for Formula One Constructors Champions by year

Click here to take the quiz!

General Stats

  • This quiz has been taken 50 times
  • The average score is 49 of 65

Answer Stats

YearTeamManufacturer% Correct
2022Red Bull
100%
2013
Red Bull
Renault
97%
2016Mercedes
97%
2014Mercedes
97%
2015Mercedes
97%
2021
Mercedes
97%
2017Mercedes
97%
2019Mercedes
97%
2020Mercedes
97%
2018Mercedes
97%
2012Red BullRenault
97%
2011Red BullRenault
97%
2010Red BullRenault
97%
2004Ferrari
94%
2002Ferrari
94%
2003Ferrari
94%
2007Ferrari
94%
2009BrawnMercedes
92%
2008Ferrari
92%
2001Ferrari
92%
2000Ferrari
92%
1999Ferrari
89%
1998McLarenMercedes
89%
2006Renault
89%
2005Renault
89%
1997WilliamsRenault
83%
1996WilliamsRenault
83%
1994WilliamsRenault
83%
1993WilliamsRenault
83%
1991McLarenHonda
81%
1992WilliamsRenault
81%
1995BenettonRenault
78%
1988McLarenHonda
78%
1990McLarenHonda
78%
1989McLarenHonda
78%
1983Ferrari
72%
1982Ferrari
72%
1979Ferrari
72%
1985McLarenTAG Porsche
72%
1984McLarenTAG Porsche
72%
1986WilliamsHonda
72%
1987WilliamsHonda
72%
1975Ferrari
69%
1977Ferrari
67%
1976Ferrari
67%
1964Ferrari
58%
1972LotusFord
58%
1973LotusFord
58%
1980WilliamsFord
58%
1981WilliamsFord
58%
1978LotusFord
56%
1970LotusFord
56%
1968LotusFord
56%
1974McLarenFord
56%
1961Ferrari
53%
1965LotusClimax
53%
1966BrabhamRepco
50%
1967BrabhamRepco
50%
1963LotusClimax
50%
1960CooperClimax
47%
1969MatraFord
47%
1971TyrrellFord
47%
1959CooperClimax
44%
1958Vanwall
44%
1962BRM
39%

Score Distribution

Percentile by Number Answered

Percent of People with Each Score

Your Score History

You have not taken this quiz